Prácticas de sistemas operativos de la base al diseño

Bibliographic Details
Main Authors: García Carballeira, Félix, Pérez Costoya, Fernando
Format: Section = Libro
Language:Undetermined
Spanish
Published: España México 2003
Subjects:
LEADER 00621nam a2200217Ia 4500
008 240830s9999 xx 000 0 und d
020 |a 84-481-3662-4 
040 |a B-ESTELÍ- RUACS / 005.43 P438 
041 |a spa 
082 |a 005.43 P438  
100 1 |a García Carballeira, Félix 
100 1 |b  Pérez Costoya, Fernando 
245 1 0 |a Prácticas de sistemas operativos de la base al diseño 
260 |a España  |b México  |c 2003 
300 |a 307 p:il 
650 7 |a SISTEMAS OPERATIVOS 
650 7 |b  INTRODUCCION A LOS SISTEMAS OPERATIVOS 
650 7 |c  PROCESOS 
942 |c BK  |2 ddc 
991 |a TEXTO 
999 |c 10589